ARRUPE JESUIT UNIVERSITY

CORONAVIRUS -STOP THE SPREAD - CLEAN,DISINFECT,COVER
Normal view MARC view

Entry Personal Name

Number of records used in: 1

001 - CONTROL NUMBER

  • control field: 8803

003 - CONTROL NUMBER IDENTIFIER

  • control field: ARRUPE

005 - DATE AND TIME OF LATEST TRANSACTION

  • control field: 20140219172023.0

008 - FIXED-LENGTH DATA ELEMENTS

  • fixed length control field: 140219|| aca||aabn | a|a d

040 ## - CATALOGING SOURCE

  • Original cataloging agency: ARRUPE
  • Transcribing agency: ARRUPE

100 ## - HEADING--PERSONAL NAME

  • Personal name: Herdt, Jennifer A.,
  • Dates associated with a name: 1967-

670 ## - SOURCE DATA FOUND

  • Source citation: Work cat.: (ARRUPE)0: Herdt, Jennifer A., 1967-, Religion and faction in Hume's moral philosophy /, 1997.

 

Arrupe Library. PO Box MP320 Mt Pleasant, Harare, Zimbabwe
263 242 745411|librarian@aju.ac.zw